Nerovnosti v príjmoch v Slovenskej republike

Zameranie sa na príjmové nerovnosti. Určitá miera nerovnosti v príjmoch, ktorá vzniká na základe princípu zásluhovosti je žiaduca, pretože pôsobí stimulujúco na jednotlivca. Hrozbou slovenskej spoločnosti je zvyšovanie počtu nízkopríjmových domácností, ktoré sú najčastejšie ohrozené chudobou.

Gespeichert in:
Bibliographische Detailangaben
1. Verfasser: Ošková, Silvia, 1979-
Format: Buchkapitel
Sprache:Slowakisch
Schlagworte:
Tags: Tag hinzufügen
Keine Tags, Fügen Sie das erste Tag hinzu!

MARC

LEADER 00000naa$a2200000$$$4500
001 0066299
005 20240502071803.3
041 0 |a slo 
044 |a SK 
245 1 0 |a Nerovnosti v príjmoch v Slovenskej republike  |c Silvia Ošková 
520 |a Zameranie sa na príjmové nerovnosti. Určitá miera nerovnosti v príjmoch, ktorá vzniká na základe princípu zásluhovosti je žiaduca, pretože pôsobí stimulujúco na jednotlivca. Hrozbou slovenskej spoločnosti je zvyšovanie počtu nízkopríjmových domácností, ktoré sú najčastejšie ohrozené chudobou. 
610 2 0 |a príjmy 
610 2 0 |a chudoba 
610 2 0 |a domácnosti 
610 2 0 |a nerovnosť 
100 1 |a Ošková, Silvia, 1979-